| 000 | 00732cab a2200193 4500 | ||
|---|---|---|---|
| 001 | ABS40807 | ||
| 008 | 090401t1989 xxu||||| |||| 00| 0 eng d | ||
| 035 | _a(Sirsi) u26100 | ||
| 041 | _aeng | ||
| 100 | _aBridge, S. | ||
| 245 | _aSurrender of rent act tenancies | ||
| 260 | _c1989 | ||
| 350 | _a0 | ||
| 490 |
_aConveyancer & Property Lawyer _vMarch-April 1989, 98-110(13) |
||
| 520 | _aWith reference to case law throughout, the author discusses various options available to landlords in avoiding the application of the rent acts. Explains the provisions of the Housing Act 1988 Part I. | ||
| 690 | _aPROPERTY-RESIDENTIAL PROPERTY-RESIDENTIAL LANDLORD AND TENANT-RESIDENTIAL TENANCIES | ||
| 942 | _n0 | ||
| 948 | _c04/03/1997 | ||
| 999 |
_c17516 _d17516 |
||